Farsi Adab ki Mukhtsar Traeen Tareekh/ (Record no. 614229)

000 -LEADER
fixed length control field 00657nam a22001817a 4500
020 ## - INTERNATIONAL STANDARD BOOK NUMBER
International Standard Book Number 9789693500103
082 ## - DEWEY DECIMAL CLASSIFICATION NUMBER
Classification number 891.51
Author Mark RIA
100 ## - MAIN ENTRY--PERSONAL NAME
Personal name Riaz dr.Muhammad
245 ## - TITLE STATEMENT
Title Farsi Adab ki Mukhtsar Traeen Tareekh/
Statement of responsibility, etc. Doctor Muhammad Riaz
260 ## - PUBLICATION, DISTRIBUTION, ETC.
Place of publication, distribution, etc. Lahore;
Name of publisher, distributor, etc. Sang e meel publications,
Date of publication, distribution, etc. 2011.
300 ## - PHYSICAL DESCRIPTION
Extent 254 p.
Dimensions 24cm.
563 ## - BINDING INFORMATION
Binding note HB
650 ## - SUBJECT ADDED ENTRY--TOPICAL TERM
Topical term or geographic name entry element Persian literature — History and criticism
880 ## - ALTERNATE GRAPHIC REPRESENTATION
Linkage 100-01\(3\r
Title ڈاکٹر محمد ریاض
880 ## - ALTERNATE GRAPHIC REPRESENTATION
Linkage 245-02\(3\r
Title فارسی ادب کی مختصر ترین تاریخ
880 ## - ALTERNATE GRAPHIC REPRESENTATION
Linkage 260-03\(3\r
Title لاہور
b سنگِ میل پبلیکیشنز
c 2011
942 ## - ADDED ENTRY ELEMENTS (KOHA)
Source of classification or shelving scheme
Koha item type Book
650 ## - SUBJECT ADDED ENTRY--TOPICAL TERM
-- 129629
Holdings
Withdrawn status Lost status Source of classification or shelving scheme Damaged status Not for loan Permanent Location Current Location Date acquired Full call number Barcode Date last seen Price effective from Koha item type
          Central Library (CL) Central Library (CL) 07/10/2025 891.51 RIA CL-D-2839 07/10/2025 07/10/2025 Book
© 2023 Central Library, National University of Sciences and Technology. All Rights Reserved.